Statistics for Formula One Tracks by Map 2021 (F1)

Click here to take the quiz!

General Stats

  • This quiz has been taken 3,548 times
    (2,194 since last reset)
  • The average score is 12 of 15

Answer Stats

Answer% Correct
Azerbaijan
94%
Italy
90%
Japan
87%
Monaco
85%
Saudi Arabia
85%
Austria
84%
Hungary
84%
Belgium
82%
Great Britain
76%
Abu Dhabi
75%
Brazil
73%
Canada
72%
Netherlands
71%
Imola
66%
Miami
65%

Score Distribution

Percentile by Number Answered

Percent of People with Each Score

Your Score History

You have not taken this quiz since the last reset